01300nam a2200277 a 450000100100000000500170001000800410002702000180006804000240008608200210011010000440013124500710017526000390024630000170028550000730030250000330037559000280040865000420043665000310047865000640050991000370057395201400061095201250075095201300087599900170100500002404120240412074251.0110118s2010 dr 001 p spa d a9789945068511 aDO-SdBNPbpacBNPHU aRD861.508bR621a1 aRivera Cedeño, Ernesto,d1934-94303210aAntología de la poesía higüeyana /cErnesto Rivera Cedeño. aSanto Domingo :bSantuario,c2010. av. ;c22 cm. aIncluye datos biográficos del autor en las solapas de la cubierta. aLa biblioteca posee el v. 1. aInventariado, 2019 / DG 4aPoesía dominicanaxColecciones9351 0aLiteratura dominicana.967 4aVida culturalzHiguey (República Dominicana{Rpara}949403 aValidado. Control de calidad EMS 001054708PDaGRbGRcHDd2011-01-18iLF1l0oRD861.508 R621a | v.1, e. 3p24041-30r2020-06-25w2020-06-25yLFPDZPréstamo en sala 0010718PDaPDbPDcHDd2011-01-18iLF1l0oRD861.508 R621a | v.1p24041-10r2020-06-25w2020-06-25yLFPDZNo se presta 0010718PDaPDbPDcHDd2011-01-18iLF1l0oRD861.508 R621a | v.2, e.2p24041-20r2020-06-25w2020-06-25yLFPDZNo se presta c23536d23536